THE TRIAL OF SOCRATES / (Record no. 616441)
[ view plain ]
| 000 -LEADER | |
|---|---|
| fixed length control field | 00330nam a22001337a 4500 |
| 020 ## - INTERNATIONAL STANDARD BOOK NUMBER | |
| Qualifying information | PB. |
| 040 ## - CATALOGING SOURCE | |
| Transcribing agency | FIZZA ISHAQ |
| 082 ## - DEWEY DECIMAL CLASSIFICATION NUMBER | |
| Classification number | 183.2 |
| Author Mark | I.F.S |
| 100 ## - MAIN ENTRY--PERSONAL NAME | |
| Personal name | STONE,F.I. |
| 9 (RLIN) | 133478 |
| 245 ## - TITLE STATEMENT | |
| Title | THE TRIAL OF SOCRATES / |
| Statement of responsibility, etc. | I.F.STONE. |
| 260 ## - PUBLICATION, DISTRIBUTION, ETC. | |
| Place of publication, distribution, etc. | NEW YORK ; |
| Name of publisher, distributor, etc. | ANCHOR BOOKS, |
| Date of publication, distribution, etc. | 1989. |
| 300 ## - PHYSICAL DESCRIPTION | |
| Extent | 282 P. ; |
| Dimensions | 7.9X5.1IN |
| 942 ## - ADDED ENTRY ELEMENTS (KOHA) | |
| Source of classification or shelving scheme | |
| Koha item type | Book |
| Withdrawn status | Lost status | Source of classification or shelving scheme | Damaged status | Not for loan | Permanent Location | Current Location | Shelving location | Date acquired | Total Checkouts | Full call number | Barcode | Date last seen | Price effective from | Koha item type |
|---|---|---|---|---|---|---|---|---|---|---|---|---|---|---|
| NUST Baluchistan Campus (NBC) | NUST Baluchistan Campus (NBC) | General Stacks | 02/26/2026 | 183.2 I.F.S | QD-565 | 02/26/2026 | 02/26/2026 | Book |
